Library Banner

عالمی بینکگاروں کی دہشت گردی (Record no. 80590)

MARC details
000 -LEADER
fixed length control field 00468nam a22001457a 4500
005 - DATE AND TIME OF LATEST TRANSACTION
control field 20151207095001.0
008 - FIXED-LENGTH DATA ELEMENTS--GENERAL INFORMATION
fixed length control field 151207b xxu||||| |||| 00| 0 eng d
020 ## - INTERNATIONAL STANDARD BOOK NUMBER
International Standard Book Number 9789698455965
040 ## - CATALOGING SOURCE
Transcribing agency PK-LaUMT
082 ## - DEWEY DECIMAL CLASSIFICATION NUMBER
Classification number MSC 332.153
Item number AAL-
245 ## - TITLE STATEMENT
Title عالمی بینکگاروں کی دہشت گردی
Remainder of title سرمائے کے آقا
Statement of responsibility, etc فرخ سہیل گوئندی(مرتب
260 ## - PUBLICATION, DISTRIBUTION, ETC. (IMPRINT)
Place of publication, distribution, etc لاہور
Name of publisher, distributor, etc جمہوری پبلیکیشنز
Date of publication, distribution, etc 2012
300 ## - PHYSICAL DESCRIPTION
Extent 111 ص
942 ## - ADDED ENTRY ELEMENTS (KOHA)
Koha item type Books
Holdings
Withdrawn status Lost status Damaged status Home library Current library Date acquired Full call number Barcode Date last seen Price effective from Koha item type
      UMT Main Campus UMT Main Campus 2015-12-07 MSC 332.153 AAL- 95468 2015-12-07 2015-12-07 Books